[Event "RUS-chT U20"]
[Site "Kolomna"]
[Date "2014.08.05"]
[Round "4"]
[White "Melnikov, Petr"]
[Black "Lupolov, Boris"]
[Result "1-0"]
[WhiteElo "1917"]
[BlackElo "1717"]
[PlyCount "109"]
[EventDate "2014.08.02"]
[EventType "swiss"]
[EventRounds "9"]
[EventCountry "RUS"]
[SourceTitle "EXT 2016"]
[Source "ChessBase"]
[SourceDate "2015.10.08"]
[SourceVersion "1"]
[SourceVersionDate "2015.10.08"]
[SourceQuality "1"]

1. e4 c6 2. d4 d5 3. e5 Bf5 4. Nf3 e6 5. Be2 c5 6. c4 Nc6 7. cxd5 Qxd5 8. Nc3 Qd7 9. Be3 cxd4 10. Nxd4 Nxd4 11. Bxd4 Bb4 12. 0-0 Ne7 13. a3 Nc6 14. Bb5 Bxc3 15. Bxc3 Qxd1 16. Rfxd1 Be4 17. Be2 Ke7 18. b4 Rhd8 19. b5 Rxd1+ 20. Rxd1 Nd8 21. Bb4+ Ke8 22. Rc1 Kd7 23. f3 Bd5 24. Kf2 Rc8 25. Rxc8 Kxc8 26. Bf8 g6 27. Ke3 Kd7 28. Kf4 Ke8 29. Bd6 Kd7 30. Kg5 h5 31. g4 hxg4 32. fxg4 b6 33. h4 Nb7 34. Bb4 Nc5 35. Bxc5 bxc5 36. Bd3 c4 37. Bc2 Ke7 38. h5 Bf3 39. h6 Kf8 40. Kf4 Be2 41. g5 Bf1 42. Ke3 Kg8 43. Kd4 Be2 44. Kc3 Bf1 45. Be4 Be2 46. a4 f5 47. exf6 Bd1 48. a5 a6 49. b6 Bf3 50. Bxf3 e5 51. b7 e4 52. b8Q+ Kf7 53. Bg4 e3 54. Qc7+ Kf8 55. Qe7+ 1-0

[Event "Sochi Meetings op"]
[Site "Sochi"]
[Date "2012.07.27"]
[Round "6.6"]
[White "Melnikov, Petr"]
[Black "Khodarchenko, Vasily"]
[Result "1-0"]
[WhiteElo "1878"]
[BlackElo "1822"]
[PlyCount "91"]
[EventDate "2012.07.24"]
[EventType "swiss"]
[EventRounds "9"]
[EventCountry "RUS"]
[SourceTitle "EXT 2022"]
[Source "ChessBase"]
[SourceDate "2021.10.06"]
[SourceVersion "1"]
[SourceVersionDate "2021.10.06"]
[SourceQuality "1"]

1. e4 c5 2. Nf3 e6 3. d4 cxd4 4. Nxd4 a6 5. Be3 b5 6. Be2 Bb7 7. Bf3 Ne7 8. 0-0 Ng6 9. Re1 Be7 10. a4 Nc6 11. axb5 Nxd4 12. Bxd4 e5 13. Be3 axb5 14. Rxa8 Qxa8 15. Nc3 b4 16. Nd5 Bxd5 17. exd5 d6 18. Qd2 Qa5 19. g3 0-0 20. Qd3 Rb8 21. Qb3 f5 22. Bd2 Bf6 23. c3 Ne7 24. cxb4 Qb5 25. Be2 Qb7 26. b5 Kf8 27. Bc4 Nc8 28. Qb4 Ke7 29. Be3 Nb6 30. Bxb6 Qxb6 31. Ra1 e4 32. Bf1 Bd4 33. Qd2 Kf7 34. Ra6 Qc5 35. Rc6 e3 36. Qd1 exf2+ 37. Kg2 Qxd5+ 38. Kh3 Kf8 39. Rc4 Qxc4 40. Bxc4 Bc5 41. Qd5 Ke7 42. Kg2 Re8 43. b6 Kd8 44. Qa8+ Kd7 45. Qb7+ Kd8 46. Qc7# 1-0

[Event "Sochi Meetings op"]
[Site "Sochi"]
[Date "2012.07.25"]
[Round "2.10"]
[White "Melnikov, Petr"]
[Black "Zlydneva, Ekaterina"]
[Result "1-0"]
[WhiteElo "1878"]
[BlackElo "1686"]
[PlyCount "53"]
[EventDate "2012.07.24"]
[EventType "swiss"]
[EventRounds "9"]
[EventCountry "RUS"]
[SourceTitle "EXT 2022"]
[Source "ChessBase"]
[SourceDate "2021.10.06"]
[SourceVersion "1"]
[SourceVersionDate "2021.10.06"]
[SourceQuality "1"]

1. e4 c5 2. Nf3 d6 3. d4 cxd4 4. Nxd4 Nf6 5. Nc3 g6 6. Be3 Bg7 7. f3 0-0 8. Qd2 Nc6 9. g4 Bd7 10. h4 h5 11. gxh5 Nxh5 12. 0-0-0 Rc8 13. Nd5 e6 14. Nc3 Ne5 15. f4 Nc4 16. Bxc4 Rxc4 17. Qd3 Qc8 18. Rdg1 a6 19. f5 exf5 20. exf5 Bxd4 21. Bxd4 Bxf5 22. Qd2 Kh7 23. Rg5 b5 24. Rf1 b4 25. Rfxf5 Qxf5 26. Rxf5 bxc3 27. Rxh5+ 1-0

[Event "Moscow op-E"]
[Site "Moscow"]
[Date "2011.01.31"]
[Round "3.255"]
[White "Rodnov, Sergey"]
[Black "Melnikov, Petr"]
[Result "0-1"]
[WhiteElo "1506"]
[BlackElo "1902"]
[PlyCount "49"]
[EventDate "2011.01.29"]
[EventType "swiss"]
[EventRounds "9"]
[EventCountry "RUS"]
[SourceTitle "EXT 2022"]
[Source "ChessBase"]
[SourceDate "2021.10.06"]
[SourceVersion "1"]
[SourceVersionDate "2021.10.06"]
[SourceQuality "1"]

1. d4 Nf6 2. e3 e6 3. f4 d5 4. Nf3 b6 5. Bd3 Be7 6. Ne5 c5 7. c3 Qc7 8. Nd2 Nbd7 9. Ndf3 Bb7 10. 0-0 c4 11. Bc2 h6 12. Kh1 b5 13. f5 Nxe5 14. Nxe5 Bc8 15. Qf3 exf5 16. Bxf5 Bxf5 17. Qxf5 Qc8 18. Qf3 Qe6 19. Bd2 0-0 20. h3 Ne4 21. Be1 Bd6 22. Qh5 Bxe5 23. Qxe5 Qxe5 24. dxe5 Rfe8 25. Bh4 0-1

[Event "RUS-chT U20"]
[Site "Rybinsk"]
[Date "2010.08.09"]
[Round "8"]
[White "Melnikov, Petr"]
[Black "Tarasov, Alexandr"]
[Result "0-1"]
[WhiteElo "1949"]
[BlackElo "1870"]
[PlyCount "108"]
[EventDate "2010.08.02"]
[EventType "team-swiss"]
[EventRounds "9"]
[EventCountry "RUS"]
[SourceTitle "EXT 2011"]
[Source "ChessBase"]
[SourceDate "2010.11.26"]
[SourceVersion "1"]
[SourceVersionDate "2010.11.26"]
[SourceQuality "1"]

1. d4 Nf6 2. c4 e6 3. Nf3 b6 4. g3 Ba6 5. b3 Bb4+ 6. Bd2 Be7 7. Bg2 c6 8. 0-0 d5 9. Qc2 Nbd7 10. Bf4 Rc8 11. Nbd2 c5 12. e3 0-0 13. Rac1 b5 14. cxb5 Bxb5 15. Rfe1 Nh5 16. g4 Nxf4 17. exf4 Bf6 18. dxc5 Nxc5 19. b4 Nd3 20. Qxc8 Qxc8 21. Rxc8 Rxc8 22. Rb1 Nxf4 23. Bf1 Bxf1 24. Kxf1 g5 25. b5 e5 26. Nb3 Rc4 27. Nfd2 Ra4 28. Nc1 Ne6 29. f3 Nd4 30. b6 axb6 31. Rxb6 Kg7 32. Rd6 Ra3 33. Kf2 Rc3 34. Ne2 Rc2 35. Nxd4 Rxd2+ 36. Ne2 d4 37. Ke1 Rxa2 38. Ng3 Be7 39. Nf5+ Kf8 40. Rb6 Bd8 41. Rb8 Ke8 42. Nd6+ Ke7 43. Rxd8 Kxd8 44. Nxf7+ Ke8 45. Nxe5 Rxh2 46. Nc6 d3 47. Ne5 d2+ 48. Kd1 Rf2 49. Nc4 Rxf3 50. Nd6+ Ke7 51. Ne4 h6 52. Ke2 Rf4 53. Ng3 Rxg4 54. Nf5+ Kf6 0-1

[Event "RUS-chT U20"]
[Site "Rybinsk"]
[Date "2010.08.04"]
[Round "3"]
[White "Pischurina, Ekaterina"]
[Black "Melnikov, Petr"]
[Result "1/2-1/2"]
[WhiteElo "2009"]
[BlackElo "1949"]
[PlyCount "95"]
[EventDate "2010.08.02"]
[EventType "team-swiss"]
[EventRounds "9"]
[EventCountry "RUS"]
[SourceTitle "EXT 2011"]
[Source "ChessBase"]
[SourceDate "2010.11.26"]
[SourceVersion "1"]
[SourceVersionDate "2010.11.26"]
[SourceQuality "1"]

1. e4 e5 2. Nf3 Nc6 3. Nc3 Nf6 4. d4 exd4 5. Nxd4 Bb4 6. Nxc6 bxc6 7. Bd3 0-0 8. 0-0 d5 9. exd5 cxd5 10. Bg5 c6 11. Qf3 Be7 12. h3 Rb8 13. b3 h6 14. Bh4 Re8 15. Ne2 Rb4 16. Bg3 Ne4 17. Bxe4 Rxe4 18. Rad1 Bf6 19. Nc1 Ba6 20. Nd3 Qa5 21. a4 Qc3 22. Bd6 Qxc2 23. Nb4 Rxb4 24. Bxb4 Bxf1 25. Rxf1 Qe4 26. Re1 Qxe1+ 27. Bxe1 Rxe1+ 28. Kh2 Re4 29. Qf5 Re6 30. Qd3 Kh8 31. g3 Be7 32. Qd4 a5 33. Qa7 Bb4 34. Qxf7 Rf6 35. Qe8+ Kh7 36. Qe3 Rd6 37. g4 d4 38. Qd3+ Kh8 39. h4 Bc3 40. g5 hxg5 41. hxg5 g6 42. Kg2 Kg7 43. Qg3 Bb4 44. Qe5+ Kf7 45. Qf4+ Kg8 46. Qe4 d3 47. Qe8+ Kg7 48. Qe7+ 1/2-1/2